000 00668nam a22002177a 4500
003 UA-OsUOA
001 59054
007 ta
008 20090305b un ||||| |||| 00| 0 ukr d
100 _aДенисова Т.
090 _a82
_bД33
942 _cSA
040 _aUA-OsUOA
_bukr
_cUA-OsUOA
_dUA-OsUOA
245 _aСтиль Гемінгвея - стиль нації. Зі статті "Література США ХХ ст."
300 _aС.3
955 _a0
041 _aukr
080 _a82
773 0 _w59053
_tЗарубіжна література
_dК.
_d2009
_g8
650 7 _a82 Література. Літературознавство
_2UDC
999 _c345136
_d345136